[Event "Tenerife-chT Primera"]
[Site "Tenerife"]
[Date "2023.02.11"]
[Round "5.2"]
[White "Remon Garcia, Jose Domingo"]
[Black "Montoro Salvatierra, Pedro"]
[Result "1/2-1/2"]
[WhiteElo "1784"]
[BlackElo "1621"]
[PlyCount "87"]
[EventDate "2023.01.14"]
[EventType "team-tourn"]
[EventRounds "14"]
[EventCountry "ESP"]
[SourceTitle "EXT 2024"]
[Source "ChessBase"]
[SourceDate "2023.10.10"]
[SourceVersion "1"]
[SourceVersionDate "2023.10.10"]
[SourceQuality "1"]
[WhiteTeam "Al Shah Mat Los Realejos II"]
[BlackTeam "Caissa Enroque II"]
[WhiteTeamCountry "ESP"]
[BlackTeamCountry "ESP"]

1. d4 Nf6 2. Nf3 e6 3. e3 c5 4. Bd3 d5 5. b3 cxd4 6. exd4 Nc6 7. 0-0 Bd6 8. Bb2 Qc7 9. Re1 0-0 10. a3 Bd7 11. Nbd2 Rfc8 12. Ne5 Be8 13. f4 Ne7 14. Qf3 Ng6 15. g4 Bc6 16. Rac1 Qa5 17. b4 Bxb4 18. axb4 Qxb4 19. Nb3 Ne4 20. Nxc6 Rxc6 21. Bxe4 dxe4 22. Qxe4 Rac8 23. Re2 a5 24. Ba1 b6 25. Nd2 Qa3 26. Ree1 b5 27. d5 exd5 28. Qd4 Qc5 29. f5 Nf4 30. Nb3 Qxd4+ 31. Nxd4 Rb6 32. Kf2 Nh3+ 33. Kg3 Ng5 34. Re5 Rd8 35. Rd1 Ne4+ 36. Kf4 Nf2 37. Rb1 b4 38. Re7 Ra6 39. h4 Kf8 40. Re3 Rc8 41. g5 Ne4 42. Rd3 Nf2 43. Re3 Ne4 44. Rd3 1/2-1/2

[Event "Tenerife-chT Preferente"]
[Site "Tenerife"]
[Date "2022.05.21"]
[Round "13.4"]
[White "Remon Garcia, Jose Domingo"]
[Black "Diaz Reyes, Franklin"]
[Result "0-1"]
[WhiteElo "1850"]
[BlackElo "1839"]
[PlyCount "50"]
[EventDate "2022.01.29"]
[EventType "team-tourn"]
[EventRounds "14"]
[EventCountry "ESP"]
[SourceTitle "EXT 2024"]
[Source "ChessBase"]
[SourceDate "2023.10.10"]
[SourceVersion "1"]
[SourceVersionDate "2023.10.10"]
[SourceQuality "1"]
[WhiteTeam "Al Shah Mat Los Realejos"]
[BlackTeam "Fundacion La Caja de Canarias"]
[WhiteTeamCountry "ESP"]
[BlackTeamCountry "ESP"]

1. d4 d5 2. Bf4 e6 3. e3 Bd6 4. Nf3 Nf6 5. Nbd2 c5 6. c3 cxd4 7. Bxd6 Qxd6 8. exd4 0-0 9. Bd3 b6 10. Qe2 a5 11. 0-0 Ba6 12. Bxa6 Nxa6 13. Ne5 b5 14. Qxb5 Rfb8 15. Qd3 Rxb2 16. Rfb1 Rab8 17. Rxb2 Rxb2 18. a3 Nc5 19. dxc5 Qxe5 20. Rb1 Rxb1+ 21. Qxb1 g6 22. Qd3 Qe1+ 23. Nf1 Ne4 24. Qd4 Nxc3 25. Qd3 Ne2+ 0-1

[Event "Tenerife-chT Primera"]
[Site "Tenerife"]
[Date "2021.05.29"]
[Round "7.3"]
[White "Sanchez Jorge, Adrian"]
[Black "Remon Garcia, Jose Domingo"]
[Result "0-1"]
[WhiteElo "1310"]
[BlackElo "1891"]
[PlyCount "53"]
[EventDate "2021.02.27"]
[EventType "team-tourn"]
[EventRounds "14"]
[EventCountry "ESP"]
[SourceTitle "EXT 2023"]
[Source "ChessBase"]
[SourceDate "2022.10.05"]
[SourceVersion "1"]
[SourceVersionDate "2022.10.05"]
[SourceQuality "1"]
[WhiteTeam "Santa Ursula Badnor"]
[BlackTeam "Al Shah Mat Los Realejos II"]
[WhiteTeamCountry "ESP"]
[BlackTeamCountry "ESP"]

1. d4 d5 2. e3 Bf5 3. f4 e6 4. Nf3 Nf6 5. Ne5 Be7 6. Nd2 Nbd7 7. g4 Be4 8. Nxe4 Nxe4 9. Bd3 Bh4+ 10. Kf1 Nf2 11. Qf3 Nxe5 12. dxe5 Nxh1 13. g5 Nf2 14. Qh5 Nxd3 15. cxd3 Bxg5 16. fxg5 Qd7 17. Bd2 0-0-0 18. b3 h6 19. Kg2 hxg5 20. Qxg5 Rh6 21. Kh1 Rdh8 22. Qg2 Rxh2+ 23. Qxh2 Rxh2+ 24. Kxh2 Qb5 25. Bc3 Qxd3 26. Bd4 Qc2+ 27. Kg3 0-1

[Event "Tenerife-chT Preferente 1920"]
[Site "Tenerife"]
[Date "2020.02.08"]
[Round "6.3"]
[White "Remon Garcia, Jose Domingo"]
[Black "Martinez Rojas, Carlos Jose"]
[Result "1-0"]
[WhiteElo "1893"]
[BlackElo "2051"]
[PlyCount "77"]
[EventDate "2019.11.30"]
[EventType "team-tourn"]
[EventRounds "14"]
[EventCountry "ESP"]
[SourceTitle "CBM 195 Extra"]
[Source "ChessBase"]
[SourceDate "2020.05.31"]
[SourceVersion "1"]
[SourceVersionDate "2020.05.31"]
[SourceQuality "1"]
[WhiteTeam "Al Shah Mat Los Realejos"]
[BlackTeam "Canarias 64"]
[WhiteTeamCountry "ESP"]
[BlackTeamCountry "ESP"]

1. d4 d5 2. Nf3 Nc6 3. c3 f6 4. Bf4 Bg4 5. Nbd2 Qd7 6. h3 Bh5 7. Qa4 Bxf3 8. Nxf3 e6 9. e3 Nge7 10. Bd3 Ng6 11. Bxg6+ hxg6 12. Qc2 Qf7 13. 0-0-0 Bd6 14. Bxd6 cxd6 15. Kb1 b5 16. e4 0-0 17. exd5 exd5 18. Nh4 f5 19. g4 Qf6 20. Ng2 f4 21. h4 b4 22. g5 Qf5 23. Qxf5 Rxf5 24. cxb4 Rb8 25. a3 a5 26. bxa5 Nxa5 27. b4 Nc4 28. Ka2 f3 29. Ne3 Nxe3 30. fxe3 Re8 31. Rd3 Re4 32. b5 f2 33. Rf1 Rg4 34. Rd2 Rf3 35. Re2 Rg1 36. Rfxf2 Rh3 37. b6 Rhh1 38. b7 Ra1+ 39. Kb3 1-0

[Event "Tenerife-ch Seniors"]
[Site "Tenerife"]
[Date "2020.01.17"]
[Round "2"]
[White "Darias Darias, Luis"]
[Black "Remon Garcia, Jose Domingo"]
[Result "1/2-1/2"]
[WhiteElo "1655"]
[BlackElo "1895"]
[PlyCount "103"]
[EventDate "2020.01.15"]
[EventType "swiss"]
[EventRounds "7"]
[EventCountry "ESP"]
[SourceTitle "CBM 195 Extra"]
[Source "ChessBase"]
[SourceDate "2020.05.31"]
[SourceVersion "1"]
[SourceVersionDate "2020.05.31"]
[SourceQuality "1"]

1. d4 Nf6 2. c4 c5 3. e3 cxd4 4. exd4 d5 5. Nf3 Nc6 6. Bd3 Bg4 7. Be3 e6 8. 0-0 Be7 9. a3 dxc4 10. Bxc4 0-0 11. Nc3 Rc8 12. Be2 a6 13. Rc1 Qa5 14. Qb3 b5 15. d5 exd5 16. Nxd5 Nxd5 17. Qxd5 Be6 18. Qe4 Nb8 19. Nd4 Rxc1 20. Rxc1 Bf6 21. Nxe6 fxe6 22. Bd3 g6 23. Qxe6+ Kg7 24. Bc5 Rf7 25. Be3 Bxb2 26. Rc8 Qxa3 27. Bh6+ Kxh6 28. Qxf7 Qxd3 29. h4 Be5 30. g3 Qd4 31. h5 Qd1+ 32. Kg2 Qxh5 33. Qf8+ Bg7 34. Qd6 Qe5 35. Qd2+ g5 36. f4 Qe4+ 37. Kh2 gxf4 38. gxf4 Bd4 39. Rxb8 Be3 40. Qd6+ Kh5 41. Rf8 Bd4 42. Rg8 h6 43. Qc7 Qe6 44. Qh7 Kh4 45. Rg3 Bf2 46. Qxh6+ Qxh6 47. Rh3+ Kg4 48. Rxh6 Kxf4 49. Rxa6 Be1 50. Kg2 b4 51. Kf1 Bc3 52. Ke2 1/2-1/2

[Event "Santa Cruz de Tenerife Autumn op"]
[Site "Santa Cruz de Tenerife"]
[Date "2019.11.07"]
[Round "9"]
[White "Remon Garcia, Jose Domingo"]
[Black "Perez Perez, Gabriel"]
[Result "1/2-1/2"]
[WhiteElo "1893"]
[BlackElo "2087"]
[PlyCount "47"]
[EventDate "2019.10.16"]
[EventType "swiss"]
[EventRounds "9"]
[EventCountry "ESP"]
[SourceTitle "CBM 192 Extra"]
[Source "Chessbase"]
[SourceDate "2019.11.06"]
[SourceVersion "1"]
[SourceVersionDate "2019.11.06"]
[SourceQuality "1"]

1. e4 c5 2. c4 Nc6 3. Nc3 g6 4. g3 Bg7 5. Bg2 e6 6. Nge2 Nge7 7. d3 0-0 8. 0-0 d6 9. Rb1 Nd4 10. Nxd4 cxd4 11. Ne2 d5 12. exd5 exd5 13. c5 Qa5 14. b4 Qxa2 15. Bb2 Nf5 16. Qc2 Qa6 17. Bxd5 Qf6 18. Bc1 Rd8 19. Bg2 Qe7 20. Nf4 Be6 21. Bd5 Kh8 22. Re1 Qd7 23. Nxe6 fxe6 24. Bxe6 1/2-1/2

[Event "Santa Cruz de Tenerife Autumn op"]
[Site "Santa Cruz de Tenerife"]
[Date "2019.10.18"]
[Round "2"]
[White "Hernandez Leon, Sergio"]
[Black "Remon Garcia, Jose Domingo"]
[Result "1-0"]
[WhiteElo "2146"]
[BlackElo "1893"]
[PlyCount "63"]
[EventDate "2019.10.16"]
[EventType "swiss"]
[EventRounds "9"]
[EventCountry "ESP"]
[SourceTitle "CBM 192 Extra"]
[Source "Chessbase"]
[SourceDate "2019.11.06"]
[SourceVersion "1"]
[SourceVersionDate "2019.11.06"]
[SourceQuality "1"]

1. e4 b6 2. d4 Bb7 3. Bd3 e6 4. Nf3 Nf6 5. Qe2 d5 6. e5 Ne4 7. Nbd2 Nxd2 8. Bxd2 c5 9. c3 Nc6 10. 0-0 Be7 11. a3 a5 12. Rac1 a4 13. Be3 Na5 14. Nd2 Qc8 15. f4 g6 16. c4 Ba6 17. cxd5 Bxd3 18. Qxd3 exd5 19. dxc5 Nc4 20. cxb6 Bc5 21. Nxc4 dxc4 22. Qc3 Bxe3+ 23. Qxe3 0-0 24. Qd4 Rd8 25. Qxc4 Qg4 26. h3 Qd7 27. Qb4 Rab8 28. Rc7 Qd4+ 29. Qxd4 Rxd4 30. b7 Kg7 31. e6 Re4 32. exf7 1-0